<?xml version="1.0" encoding="UTF-8"?>
<collection xmlns="http://www.loc.gov/MARC21/slim">
 <record>
  <leader>01839nam a2200205 a 4500</leader>
  <controlfield tag="001">TVCDKTCT6209</controlfield>
  <controlfield tag="003">Thư viện trường Cao đẳng Kỹ thuật Cao Thắng</controlfield>
  <controlfield tag="005">20061204000000</controlfield>
  <controlfield tag="008">061204</controlfield>
  <datafield tag="980" ind1="\" ind2="\">
   <subfield code="a">Thư viện Trường CĐ Kỹ Thuật Cao Thắng</subfield>
  </datafield>
  <datafield tag="024" ind1=" " ind2=" ">
   <subfield code="a">RG_1 #1 eb0 i1</subfield>
  </datafield>
  <datafield tag="041" ind1="0" ind2="#">
   <subfield code="a">vie</subfield>
  </datafield>
  <datafield tag="082" ind1="#" ind2="#">
   <subfield code="a">894 / </subfield>
   <subfield code="b">CH400M-a</subfield>
  </datafield>
  <datafield tag="100" ind1="1" ind2="#">
   <subfield code="a">Nexin Azit</subfield>
  </datafield>
  <datafield tag="245" ind1="0" ind2="0">
   <subfield code="a">Cho một tách trà đặc nhé. /</subfield>
   <subfield code="c">Nexin Azit</subfield>
  </datafield>
  <datafield tag="260" ind1="#" ind2="#">
   <subfield code="a">H. :</subfield>
   <subfield code="b">Nhà xuất bản Hội Nhà văn ,</subfield>
   <subfield code="c">2005</subfield>
  </datafield>
  <datafield tag="300" ind1="#" ind2="#">
   <subfield code="a">282tr. ;</subfield>
   <subfield code="c">19cm</subfield>
  </datafield>
  <datafield tag="520" ind1="#" ind2="#">
   <subfield code="a">Tuyển tập truyện ngắn của Azit- Nêxin bao gồm các truyện ngắn: Cho một tách trà đặc nhé, Nhiệm vụ đặc biệt, Cách tìm thủ phạm, Làm thế nào viết được báo, Loài vi trùng quý hiếm, Thương thay giống lừa chúng tôi, Lên giá đến nơi rồi, Hội nghị phụ huynh, Vì sao chú mèo cúp đuôi chạy? Phải hét thật to, Hội nghị các nhà phẫu thuật, Tại sao nước ta chậm phát triển, Anh lính Mêmet làng Êmét, Lỗi tại anh, Nghĩa vụ đối với Tổ quốc, Thôi thì ở lại, Xếp hàng, Tên Hăm đi biệt hiệu &quot;Convoi&quot; đã bị bắt như thế nào? Ông vua và con rệp béo nhất thế giới, Xứ sở của những người ngáp, Chiếc đèn đường và phố chúng tôi, Chúng ta cũng bay lên mặt trăng, Lũ người chúng ta, Giấc mơ Mỹ, Những nhà tài chính lỗi lạc, Giờ học đạo đức, Ai cũng là nhà xây dựng, Chuyện đó không liên quan đến tôi.</subfield>
  </datafield>
  <datafield tag="650" ind1="#" ind2="4">
   <subfield code="a">Azit nêxin</subfield>
  </datafield>
  <datafield tag="650" ind1="#" ind2="4">
   <subfield code="a">Truyện ngắn</subfield>
  </datafield>
 </record>
</collection>
